| 000 | 00541nam a2200157Ia 4500 | ||
|---|---|---|---|
| 003 | GCL | ||
| 005 | 20240530103414.0 | ||
| 008 | 140319s9999 xx 000 0 ara d | ||
| 040 |
_aGCL / _cGCL |
||
| 082 | 0 | 4 |
_a370.13 _bع ت |
| 100 | 1 | _aعبدالله عبدالدائم | |
| 245 | 1 | 0 |
_aالتخطيط التربوى : اصولة واساليبة الفنية وتطبيقاتة فى البلاد العربية / _cعبدالله عبدالدائم |
| 650 | 0 | 4 | _aالتعليم |
| 650 | 0 | 4 | _aالتخطيط التربوى |
| 942 |
_2ddc _cBK |
||
| 999 |
_c39126 _d39126 |
||